000 00282nam a22001217a 4500
040 _cSCME
100 _aWalker,Jearl
_98685
245 _aPrinciples of physics
_b(Halliday & Resnicks)
250 _a11ed.
260 _aSingapore
_bWiley
_c2020
300 _a1213p.
942 _2ddc
_cBK
999 _c608433
_d608433